Ten Biggest and Ten Smallest Countries of Europe by Population - Statistics

General Stats
  • This quiz has been taken 63 times
  • The average score is 19 of 20
Answer Stats
# Country Population % Correct
4 France 64.692.714
100%
2 Germany 83.312.897
100%
5 Italy 58.955.548
100%
4 Liechtenstein 39.458
100%
3 Monaco 36.377
100%
1 Russia 144.694.112
100%
6 Spain 47.541.049
100%
3 United Kingdom 67.623.566
100%
1 Vatican 513
100%
5 Andorra 79.960
98%
10 Netherlands 17.592.475
98%
2 San Marino 33.652
98%
7 Malta 534.197
96%
7 Poland 41.477.607
96%
9 Romania 19.053.815
96%
8 Ukraine 36.069.274
96%
9 Luxembourg 651.276
95%
8 Montenegro 626.653
89%
6 Iceland 374.125
88%
10 Estonia 1.324.524
84%
No matching quizzes found
Score Distribution
Percent of People with Each Score
Percentile by Number Answered
Your Score History
You have not taken this quiz